Loading...

Manual of plant names

Bibliographic Details
Main Author: Plowden, C.C
Format: Printed Book
Language:Undetermined
English
Published: London Geroge Allen and unwin 1972
Edition:3
Subjects:
LEADER 00554nam a2200181Ia 4500
008 140306s9999 xx 000 0 und d
041 |a eng 
082 |a 581  |b PLO/MA 
100 |a Plowden, C.C 
245 |a Manual of plant names 
250 |a 3 
260 |a London  |b Geroge Allen and unwin  |c 1972 
300 |a 260 
365 |b Rs.10.40 
650 |a Taxonomic botany 
942 |2 ddc  |c BK 
999 |c 117054  |d 117054 
952 |0 0  |1 0  |2 ddc  |4 0  |6 581_000000000000000_PLOMA  |7 0  |9 115842  |a KAUHCV  |b KAUHCV  |d 2004-04-29  |g 10.40  |o 581 PLO/MA  |p KAU_HCV-4013  |r 2014-03-22  |w 2014-03-22  |y BK